000 00653nam a22001817a 4500
020 _qHard Cover.
082 _a330
100 _aMaaz Khalid Khan : Mahnoor Malik : Muhammad Saad Khan.
245 _aPreference for Bottled Water Consumption Among the Residents of Faisalabad /
_cKhan , Maaz Khalid : Malik, Mahnoor : Muhammad Khan, Saad
260 _aIslamabad:
_bS3H NUST,
_c2021.
300 _a63 p. :
_bill. ;
_c30cm.
563 _aHB
650 _aBS-Economics
700 _aDr. Verda Salman
_918160
856 _uhttp://10.250.8.41:8080/xmlui/handle/123456789/24387
942 _2ddc
_cPR
999 _c566128
_d566128